Missing Word: 20th Century Asia A-Z Quiz Stats

 Plays Quiz Updated Mar 6, 2016

Challenge
Share
Tweet
Embed
Score 0/26 Timer 04:00
0 Plays Today
Hint Answer % Correct
____ Chi Minh - communist revolutionaryHo
95.2%
Soviet ____ - 1922-1991Union
95.1%
Six-Day ____ - 1967War
93.3%
Indira ____ - politicianGandhi
91.9%
____ Kippur War - 1973Yom
91.9%
Battle of Iwo ____ - 1945Jima
91.6%
____ Cong - communist organizationViet
91.4%
____ Pot - communist dictatorPol
88.6%
Camp ____ Accords - 1978David
87.3%
Golda ____ - politicianMeir
82.3%
____ Il-sung - communist leaderKim
81.8%
Great Leap ____ - 1949-1976Forward
81.4%
Tet ____ - 1968Offensive
80.7%
Hint Answer % Correct
Iranian ____ - 1979Revolution
79.3%
Mao ____ - communist revolutionaryZedong
78.2%
Benazir ____ - politicianBhutto
78%
Corazon ____ - politicianAquino
74.3%
____ Marcos - first ladyImelda
72.7%
Jawaharlal ____ - politicianNehru
68.2%
Greater ____ Asia Co-Prosperity SphereEast
67.4%
____ Kai-shek - nationalist leaderChiang
65.3%
____ Dynasty - overthrown in 1912Qing
61.8%
____ Yat-sen - nationalist revolutionarySun
57%
____ March - 1934-1935Long
55.1%
Deng ____ - politicianXiaoping
41.7%
Hideki ____ - war leaderTōjō
37.1%

Today's Daily Dose

Missing Word
Britpop Albums

Word Ladder
Sing It!

On This Day
December 14th II

You're not logged in!

Compare scores with friends on all Sporcle quizzes.
OR
Log In

You Might Also Like...

Show Comments

Extras

Top Quizzes Today


Score Distribution

Your Account Isn't Verified!

In order to create a playlist on Sporcle, you need to verify the email address you used during registration. Go to your Sporcle Settings to finish the process.

Report this User

Report this user for behavior that violates our Community Guidelines.

Details: